000 00424pab a2200169 454500
008 180718b1998 xxu||||| |||| 00| 0 eng d
100 _aTulsi, P.K.
245 _aTotal quality management in higher education
260 _c1998
300 _ap.5-8
362 _a22 Jun
650 _aEducation - India
650 _aTotal quality management
650 _aHigher education
773 _aUniversity News
909 _a37930
999 _c37930
_d37930